000 00305nam a2200133 4500
008 191022s ||||xo d
245 1 0 _aMAMA mnam
250 _a1.vydanie
260 _bConnect Agency
_aBratislava
300 _a265s.
020 _a9788097304409
_c23,65
041 1 _aslo
044 _axo
_cSK
999 _c22749
_d22749